A history of ancient geography (Record no. 152849)

MARC details
000 -LEADER
campo de control de longitud fija 00721nam a22001815i 4500
001 - NÚMERO DE CONTROL
campo de control 152849
003 - IDENTIFICADOR DE NÚMERO DE CONTROL
campo de control ES-MaACL
005 - FECHA Y HORA DE LA ÚLTIMA TRANSACCIÓN
campo de control 20230906204909.0
008 - DATOS DE LONGITUD FIJA--INFORMACIÓN GENERAL
campo de control de longitud fija 051019s1879 xxk | |||||||| ||eng d
040 ## - FUENTE DE CATALOGACIÓN
Centro catalogador/agencia de origen CAM
Lengua de catalogación spa
Centro/agencia transcriptor CAM
080 ## - NÚMERO DE LA CLASIFICACIÓN DECIMAL UNIVERSAL
Número de la Clasificación Decimal Universal 913.1(091)
100 1# - ENTRADA PRINCIPAL--NOMBRE DE PERSONA
Nombre de persona Bunbury, E. H.
9 (RLIN) 32541
245 12 - MENCIÓN DEL TÍTULO
Título A history of ancient geography
Resto del título : among the Greeks and Romans from the earliest ages till the fall of the Roman Empire /
Mención de responsabilidad, etc. by E.H. Bunbury.
260 ## - PUBLICACIÓN, DISTRIBUCIÓN, ETC.
Lugar de publicación, distribución, etc. London :
Nombre del editor, distribuidor, etc. John Murray,
Fecha de publicación, distribución, etc. 1879 (
Fabricante Printed by William Clowes and Sons)
300 ## - DESCRIPCIÓN FÍSICA
Extensión 2 v. (XXX, 666 p., [3] h. de map. pleg.; XVIII, 743 p.) ;
Dimensiones 23 cm.
650 #4 - PUNTO DE ACCESO ADICIONAL DE MATERIA--TÉRMINO DE MATERIA
Término de materia o nombre geográfico como elemento de entrada Geografía antigua-
Subdivisión general Historia.
9 (RLIN) 147897
852 ## - LOCALIZACIÓN
Ubicación ES-MaACL
Número de control de estantería G-11690-91
Nota libre -- Enc. tela con hierros
Holdings
Estatus retirado Estado de pérdida Estado de daño No para préstamo Colección Biblioteca de origen Biblioteca actual Ubicación en estantería Fecha de adquisición Total de préstamos Signatura topográfica completa Código de barras Visto por última vez Precio de reemplazo Tipo de ítem Koha
        Libros del s. XIX Biblioteca del Ateneo de Madrid Biblioteca del Ateneo de Madrid Sala Pecera Planta 3 17/01/2008   G-11690-91 1159639 23/02/2023 23/02/2023 Libro impreso antiguo